[Event "CCT Chessable Masters Play-In 2025"]
[Site "Online"]
[Date "2025.02.17"]
[Round "6.1"]
[White "Duda, Jan-Krzysztof"]
[Black "Nihal Sarin"]
[Result "1-0"]
[WhiteElo "2739"]
[BlackElo "2687"]
[PlyCount "75"]
[EventDate "2025.02.13"]
[EventType "swiss"]
[EventCountry "NET"]

1. d4 Nf6 2. c4 e6 3. Nf3 d5 4. g3 Bb4+ 5. Bd2 Be7 6. Bg2 O-O 7. O-O Nbd7 8. Qc2 Ne4 9. Bc1 c5 10. Rd1 b6 11. cxd5 exd5 12. Ne5 Qc7 13. Bf4 Nxe5 14. Bxe5 Qb7 15. dxc5 Bxc5 16. Bd4 Bf5 17. Qb3 Bxd4 18. Rxd4 Rac8 19. Nc3 Nxc3 20. bxc3 Be4 21. Rad1 h6 22. e3 Bxg2 23. Kxg2 Rc5 24. Rxd5 Rfc8 25. Kg1 Rxc3 26. Rd8+ Kh7 27. Qb1+ g6 28. R8d7 Qf3 29. Rxa7 Rc2 30. Rf1 Kg8 31. Qd1 Re2 32. Rxf7 Kxf7 33. Qd7+ Kf6 34. Qxc8 Kg5 35. Qd8+ Kg4 36. h3+ Kf5 37. Qf8+ Ke4 38. Qa8+ 1-0

[Event "CCT Chessable Masters Play-In 2025"]
[Site "Online"]
[Date "2025.02.17"]
[Round "6.3"]
[White "Tabatabaei, M. Amin"]
[Black "Vachier-Lagrave, Maxime"]
[Result "0-1"]
[WhiteElo "2666"]
[BlackElo "2729"]
[PlyCount "120"]
[EventDate "2025.02.13"]
[EventType "swiss"]
[EventCountry "NET"]

1. d4 Nf6 2. c4 g6 3. g3 c6 4. Bg2 d5 5. cxd5 cxd5 6. Nf3 Bg7 7. O-O O-O 8. Nc3 Nc6 9. Ne5 Bf5 10. Be3 h5 11. h3 Rc8 12. Rc1 Ne4 13. Nxe4 Bxe4 14. Nxc6 Rxc6 15. Rxc6 bxc6 16. Qa4 Qd7 17. Rc1 Rc8 18. Qa6 Bf5 19. h4 e5 20. Qa4 e4 21. Rc5 Bf8 22. Ra5 Rc7 23. b4 Bd6 24. Ra6 Kg7 25. a3 Bg4 26. Qc2 Qc8 27. Ra5 Bd7 28. Qd2 Rb7 29. Bf4 Qc7 30. Bxd6 Qxd6 31. e3 f6 32. Qc3 Kf7 33. Bf1 Ke7 34. Ba6 Rb6 35. Be2 Rb7 36. Kf1 Be8 37. Ke1 Bd7 38. Kd2 Be8 39. Qc5 Qxc5 40. dxc5 Ke6 41. Kc3 Ke5 42. a4 Rc7 43. Bf1 Bd7 44. Be2 Be8 45. Bf1 g5 46. Be2 gxh4 47. gxh4 f5 48. Ra6 Rb7 49. Ra5 f4 50. b5 f3 51. Bf1 Bd7 52. Ra6 cxb5 53. c6 Rc7 54. axb5 Bc8 55. Ra3 Rg7 56. Ra1 Rg1 57. Kb2 Kd6 58. Rc1 Kc7 59. Rd1 Bh3 60. Be2 Rg2 0-1

[Event "CCT Chessable Masters Play-In 2025"]
[Site "Online"]
[Date "2025.02.17"]
[Round "6.4"]
[White "Lazavik, Denis"]
[Black "Yakubboev, Nodirbek"]
[Result "1-0"]
[WhiteElo "2572"]
[BlackElo "2659"]
[PlyCount "81"]
[EventDate "2025.02.13"]
[EventType "swiss"]
[EventCountry "NET"]

1. d4 Nf6 2. c4 e6 3. Nc3 Bb4 4. a3 Bxc3+ 5. bxc3 c5 6. f3 d5 7. cxd5 exd5 8. e3 O-O 9. Bd3 b6 10. Ne2 Ba6 11. O-O Re8 12. Ng3 Bxd3 13. Qxd3 Nc6 14. Bb2 Na5 15. Rae1 Nc4 16. Bc1 b5 17. e4 Qb6 18. e5 Nd7 19. f4 cxd4 20. cxd4 g6 21. Kh1 f5 22. Nxf5 gxf5 23. Qxf5 Nf8 24. Qg4+ Qg6 25. Qf3 Qf5 26. g4 Qd7 27. f5 a5 28. Bh6 Qd8 29. e6 Qh4 30. Bxf8 Kxf8 31. Qxd5 Rad8 32. Qxb5 Nd2 33. f6 Rxe6 34. Qb7 Rxe1 35. Qg7+ Ke8 36. f7+ Kd7 37. f8=Q+ Re7 38. Qf5+ Kc7 39. Rc1+ Kb6 40. Qc5+ Ka6 41. Qgxe7 1-0

[Event "CCT Chessable Masters Play-In 2025"]
[Site "Online"]
[Date "2025.02.17"]
[Round "6.5"]
[White "Martirosyan, Haik M."]
[Black "Artemiev, Vladislav"]
[Result "1/2-1/2"]
[WhiteElo "2645"]
[BlackElo "2691"]
[PlyCount "70"]
[EventDate "2025.02.13"]
[EventType "swiss"]
[EventCountry "NET"]

1. d4 Nf6 2. c4 e6 3. Nf3 Bb4+ 4. Bd2 Qe7 5. g3 Bxd2+ 6. Qxd2 Nc6 7. Bg2 Ne4 8. Qc2 Qb4+ 9. Kf1 d5 10. e3 O-O 11. a3 Qxc4+ 12. Qxc4 dxc4 13. Nbd2 Nxd2+ 14. Nxd2 Na5 15. Rc1 Bd7 16. Ke1 c5 17. Nxc4 Nxc4 18. Rxc4 cxd4 19. Rxd4 Rfd8 20. f4 Rac8 21. Kd2 Bc6 22. Bxc6 Rxd4+ 23. exd4 Rxc6 24. Re1 Kf8 25. Re5 Ke7 26. f5 f6 27. Re4 Kf7 28. fxe6+ Rxe6 29. Rf4 Re7 30. Rf5 Ke6 31. Rc5 Kd7 32. Rd5+ Kc7 33. Rc5+ Kd7 34. Rd5+ Kc7 35. Rc5+ Kd7 1/2-1/2

[Event "CCT Chessable Masters Play-In 2025"]
[Site "Online"]
[Date "2025.02.17"]
[Round "6.6"]
[White "Nguyen, Ngoc Truong Son"]
[Black "Yu, Yangyi"]
[Result "0-1"]
[WhiteElo "2632"]
[BlackElo "2715"]
[PlyCount "102"]
[EventDate "2025.02.13"]
[EventType "swiss"]
[EventCountry "NET"]

1. d4 Nf6 2. Nf3 e6 3. c4 d5 4. g3 dxc4 5. Bg2 Bb4+ 6. Bd2 a5 7. O-O O-O 8. Qc2 b5 9. b3 cxb3 10. axb3 Bxd2 11. Nbxd2 Bb7 12. Ra3 Nc6 13. Qc5 Qd6 14. Rc1 Rfd8 15. Ra2 Nb4 16. Ra3 Ne4 17. Nxe4 Bxe4 18. Qxb5 Nd3 19. Rca1 Rab8 20. Qxa5 Nb4 21. Qg5 h6 22. Qc1 Nc2 23. Ra6 Rb6 24. Rxb6 Qxb6 25. Ra2 Nxd4 26. Nxd4 Qxd4 27. Bxe4 Qxe4 28. Rd2 Rb8 29. Qc2 Qxc2 30. Rxc2 Rb7 31. f3 Kf8 32. Kf2 Ke7 33. Rc3 Kd6 34. Rd3+ Ke7 35. Rc3 Kd6 36. Rd3+ Kc6 37. Ke3 Rb5 38. h4 Re5+ 39. Kd2 Rd5 40. Kc3 Rxd3+ 41. Kxd3 Kc5 42. Kc3 g5 43. hxg5 hxg5 44. g4 f5 45. b4+ Kd5 46. Kd3 fxg4 47. fxg4 Ke5 48. e3 Kd5 49. b5 Kc5 50. Ke4 Kxb5 51. Ke5 c5 0-1

[Event "CCT Chessable Masters Play-In 2025"]
[Site "Online"]
[Date "2025.02.17"]
[Round "6.7"]
[White "Sjugirov, Sanan"]
[Black "Sargsyan, Shant"]
[Result "1-0"]
[WhiteElo "2643"]
[BlackElo "2660"]
[PlyCount "107"]
[EventDate "2025.02.13"]
[EventType "swiss"]
[EventCountry "NET"]

1. e4 e5 2. Nf3 Nc6 3. Bb5 a6 4. Ba4 Nf6 5. O-O Be7 6. Bxc6 dxc6 7. d3 Nd7 8. Be3 O-O 9. Nbd2 Re8 10. a4 a5 11. Nc4 Bf8 12. Nfd2 Nc5 13. f4 exf4 14. Bxf4 Ne6 15. Bg3 f6 16. Kh1 b6 17. Nf3 c5 18. b3 Bb7 19. Ne3 Qd7 20. Qe1 Rad8 21. Qf2 Qf7 22. Rae1 Qh5 23. Nf5 Rd7 24. h3 Bc6 25. Bh2 c4 26. bxc4 Bxa4 27. d4 Ng5 28. Nxg5 Qxg5 29. d5 Bc5 30. Qe2 Rdd8 31. Bxc7 Rc8 32. Bf4 Qg6 33. Rf3 Bd7 34. Nxg7 Kxg7 35. Rg3 a4 36. e5 Bf5 37. Rxg6+ hxg6 38. g4 Bd7 39. e6 Ra8 40. g5 f5 41. Be5+ Kg8 42. exd7 Re7 43. d6 Rxd7 44. Qf3 Re8 45. Qd5+ Kh7 46. Rf1 Be3 47. Qc6 Red8 48. Qxa4 Bxg5 49. Qc6 Bh6 50. h4 Be3 51. h5 Bc5 52. hxg6+ Kxg6 53. Qg2+ Kf7 54. Rxf5+ 1-0

[Event "CCT Chessable Masters Play-In 2025"]
[Site "Online"]
[Date "2025.02.17"]
[Round "6.8"]
[White "Sadhwani, Raunak"]
[Black "Mikaelyan, Arman"]
[Result "1-0"]
[WhiteElo "2666"]
[BlackElo "2497"]
[PlyCount "65"]
[EventDate "2025.02.13"]
[EventType "swiss"]
[EventCountry "NET"]

1. e4 c5 2. Nf3 Nc6 3. Bb5 e6 4. O-O Nge7 5. Re1 Ng6 6. c3 d5 7. exd5 Qxd5 8. d4 cxd4 9. c4 Qd6 10. Nxd4 Bd7 11. Be3 Nxd4 12. Qxd4 Qxd4 13. Bxd4 Bxb5 14. cxb5 Ne7 15. Nd2 Nf5 16. Bc3 Bc5 17. Nb3 Bb6 18. a4 Rd8 19. Red1 Ke7 20. Rdc1 Rd7 21. a5 Bd4 22. Bb4+ Kf6 23. g4 Bxb2 24. gxf5 Bxa1 25. Rxa1 Kxf5 26. Bc5 Rd5 27. Bxa7 Kg4 28. Kg2 Rxb5 29. Ra4+ Kh5 30. Nd4 Rg5+ 31. Kh3 Rc8 32. Ne2 Rc3+ 33. Nxc3 1-0

[Event "CCT Chessable Masters Play-In 2025"]
[Site "Online"]
[Date "2025.02.17"]
[Round "6.9"]
[White "Le, Quang Liem"]
[Black "Andreikin, Dmitry"]
[Result "1/2-1/2"]
[WhiteElo "2739"]
[BlackElo "2695"]
[PlyCount "89"]
[EventDate "2025.02.13"]
[EventType "swiss"]
[EventCountry "NET"]

1. Nf3 Nf6 2. c4 c6 3. Nc3 d5 4. e3 a6 5. d4 Bf5 6. Qb3 b5 7. c5 a5 8. Ne5 a4 9. Qd1 g6 10. g4 Be6 11. Bg2 Bg7 12. Bd2 Qc8 13. h3 h5 14. f3 Qc7 15. Qe2 b4 16. Nd1 Na6 17. Nd3 Bc8 18. b3 Nd7 19. f4 Naxc5 20. Bxb4 Ba6 21. N1f2 hxg4 22. hxg4 Rxh1+ 23. Bxh1 Nxd3+ 24. Nxd3 Qb7 25. Bd2 Qb5 26. Nc1 Qxe2+ 27. Nxe2 Bxe2 28. Kxe2 axb3 29. a4 e6 30. Rb1 Rxa4 31. Rxb3 Ra2 32. Bf3 c5 33. dxc5 Nxc5 34. Rb8+ Kd7 35. Kd1 Ra1+ 36. Kc2 Ra2+ 37. Kd1 Nd3 38. Rb7+ Ke8 39. Rb8+ Ke7 40. Rb7+ Kd6 41. Rxf7 Nf2+ 42. Ke1 Nd3+ 43. Kd1 Nf2+ 44. Ke1 Nd3+ 45. Kd1 1/2-1/2

[Event "CCT Chessable Masters Play-In 2025"]
[Site "Online"]
[Date "2025.02.17"]
[Round "6.10"]
[White "Bluebaum, Matthias"]
[Black "Giri, Anish"]
[Result "0-1"]
[WhiteElo "2643"]
[BlackElo "2728"]
[PlyCount "192"]
[EventDate "2025.02.13"]
[EventType "swiss"]
[EventCountry "NET"]

1. d4 d6 2. Nf3 Nf6 3. c4 g6 4. Nc3 Bf5 5. d5 Bg7 6. Nd4 Bd7 7. e4 O-O 8. Be2 e5 9. Nb3 a5 10. Be3 b6 11. Nd2 Ne8 12. O-O Na6 13. Rc1 Nc5 14. b3 f5 15. exf5 gxf5 16. f4 e4 17. a3 Nf6 18. b4 axb4 19. axb4 Na4 20. Bd4 Nxc3 21. Bxc3 Qe7 22. Qb3 Ra7 23. Ra1 Rfa8 24. Rxa7 Rxa7 25. Ra1 Rxa1+ 26. Bxa1 Nxd5 27. Bxg7 Qxg7 28. cxd5 Qd4+ 29. Kf1 Qxd2 30. Qg3+ Kf8 31. Qh4 Qc3 32. Qd8+ Be8 33. Bh5 Qd3+ 34. Ke1 Qe3+ 35. Be2 Qc1+ 36. Bd1 Qc3+ 37. Ke2 e3 38. Kf3 Qd4 39. Be2 Qxd5+ 40. Kg3 Qf7 41. Kf3 Qe7 42. Qa8 Kg7 43. Kg3 Bf7 44. Qa1+ Qf6 45. Qc1 c5 46. bxc5 bxc5 47. Qa3 Qg6+ 48. Kh3 Bd5 49. Qc3+ Qf6 50. Qxe3 Qh6+ 51. Kg3 Qg6+ 52. Kh4 Qf6+ 53. Kg3 Qg6+ 54. Kh4 Qe6 55. Qc3+ Qf6+ 56. Qxf6+ Kxf6 57. Kg3 Be4 58. Kf2 d5 59. h3 d4 60. Bc4 Ke7 61. g4 Kd6 62. g5 Bd5 63. Bd3 Be6 64. h4 c4 65. Bb1 Kc5 66. h5 Kb4 67. h6 d3 68. g6 Bg8 69. g7 Kc3 70. Ke3 d2 71. Ke2 Kb2 72. Kxd2 Kxb1 73. Kc3 Kc1 74. Kd4 Kd2 75. Ke5 c3 76. Kf6 c2 77. Ke7 c1=Q 78. Kf8 Qc4 79. Ke7 Qf7+ 80. Kd6 Qg6+ 81. Ke5 Qxh6 82. Kd4 Qxg7+ 83. Kc5 Qg6 84. Kb5 h5 85. Kc5 h4 86. Kb4 h3 87. Kc5 h2 88. Kb4 h1=Q 89. Ka5 Qf3 90. Kb4 Qxf4+ 91. Ka5 Qe5+ 92. Ka4 Qg4+ 93. Ka3 Qe3+ 94. Kb2 Qg2 95. Ka1 Kd3 96. Kb1 Qe1# 0-1

[Event "CCT Chessable Masters Play-In 2025"]
[Site "Online"]
[Date "2025.02.17"]
[Round "6.11"]
[White "Kuzubov, Yuriy"]
[Black "Grischuk, Alexander"]
[Result "1/2-1/2"]
[WhiteElo "2597"]
[BlackElo "2687"]
[PlyCount "145"]
[EventDate "2025.02.13"]
[EventType "swiss"]
[EventCountry "NET"]

1. d4 d5 2. c4 e6 3. Nf3 Nf6 4. Nc3 Be7 5. cxd5 exd5 6. Bf4 c6 7. e3 Bf5 8. Nh4 Be6 9. h3 Bd6 10. Nf3 Bxf4 11. exf4 Bf5 12. Ne5 h6 13. g4 Bh7 14. Bd3 Ne4 15. Bxe4 Bxe4 16. f3 Bh7 17. f5 O-O 18. Kf2 Nd7 19. Qd2 Re8 20. Rae1 Qc7 21. Nxd7 Qxd7 22. Qf4 f6 23. Rxe8+ Rxe8 24. Re1 Rxe1 25. Kxe1 Qd8 26. Kd2 Kf8 27. b4 Bg8 28. a4 Bf7 29. a5 Kg8 30. Na4 b6 31. axb6 axb6 32. Nb2 Kh7 33. h4 Be8 34. Nd3 Bf7 35. Qh2 Kg8 36. Kc3 Kh7 37. Qa2 Qc7 38. Qa8 Bg8 39. f4 c5 40. bxc5 bxc5 41. dxc5 d4+ 42. Kxd4 Qd7+ 43. Kc3 Bd5 44. Qa6 Be4 45. Qd6 Qa4 46. Nb4 Qa1+ 47. Kc4 Qf1+ 48. Kd4 Bh1 49. c6 Qf2+ 50. Kc4 Qxh4 51. c7 Bb7 52. Qb6 Qh1 53. Nc6 Qe4+ 54. Kc5 Bc8 55. Qb8 Bd7 56. c8=Q Bxc8 57. Qxc8 Qxf4 58. Qe6 Qxg4 59. Ne7 h5 60. Qg8+ Kh6 61. Qh8+ Kg5 62. Qxg7+ Kf4 63. Qxf6 h4 64. Ng6+ Ke4 65. Qd4+ Kxf5 66. Ne7+ Kg5 67. Qg7+ Kf4 68. Qd4+ Kg3 69. Qg1+ Kf3 70. Qd1+ Kg3 71. Qg1+ Kh3 72. Qh1+ Kg3 73. Qg1+ 1/2-1/2

[Event "CCT Chessable Masters Play-In 2025"]
[Site "Online"]
[Date "2025.02.17"]
[Round "6.12"]
[White "Lu, Shanglei"]
[Black "Svidler, Peter"]
[Result "1-0"]
[WhiteElo "2618"]
[BlackElo "2696"]
[PlyCount "87"]
[EventDate "2025.02.13"]
[EventType "swiss"]
[EventCountry "NET"]

1. e4 e5 2. Nf3 Nc6 3. Bc4 Bc5 4. c3 Nf6 5. d3 d6 6. b4 Bb6 7. a4 a5 8. b5 Ne7 9. Nbd2 Ng6 10. O-O O-O 11. Re1 c6 12. bxc6 bxc6 13. d4 exd4 14. cxd4 d5 15. exd5 cxd5 16. Bb5 Bf5 17. Ba3 Ne4 18. Bxf8 Nxf8 19. Nf1 Ne6 20. Ne3 Bg6 21. Bc6 Rc8 22. Bxd5 Nc3 23. Qb3 Nxd4 24. Nxd4 Bxd4 25. Bf3 Rb8 26. Qc4 Rb4 27. Qc6 Rb6 28. Qc4 Rb4 29. Qa6 h5 30. Nc4 Kh7 31. Qxa5 Qxa5 32. Nxa5 Rb2 33. Kh1 Bxf2 34. Rec1 Ne2 35. Nc4 Nxc1 36. Nxb2 Nb3 37. Ra3 Na5 38. Nd3 Be3 39. Ne5 Bc5 40. Rc3 Bd4 41. Rc7 Bxe5 42. Rc5 Bxh2 43. Kxh2 Nb3 44. Rd5 1-0

[Event "CCT Chessable Masters Play-In 2025"]
[Site "Online"]
[Date "2025.02.17"]
[Round "6.13"]
[White "Pranav, V."]
[Black "Bortnyk, Olexandr"]
[Result "0-1"]
[WhiteElo "2615"]
[BlackElo "2601"]
[PlyCount "132"]
[EventDate "2025.02.13"]
[EventType "swiss"]
[EventCountry "NET"]

1. d4 d6 2. e4 Nf6 3. Nc3 e5 4. Nf3 Nbd7 5. Bc4 Be7 6. O-O O-O 7. Re1 a6 8. a4 b6 9. h3 Bb7 10. d5 h6 11. Nh2 c6 12. dxc6 Bxc6 13. Ng4 Nxg4 14. hxg4 Nc5 15. Bd5 Rc8 16. Bxc6 Rxc6 17. Nd5 Bg5 18. c3 Bxc1 19. Rxc1 Qg5 20. g3 b5 21. axb5 axb5 22. Qe2 Ra6 23. b4 Ne6 24. Ra1 Rxa1 25. Rxa1 Rb8 26. Kg2 Rb7 27. Ra6 Qd8 28. Ra5 Qe8 29. Qa2 Kh7 30. Ra8 Qd7 31. Qe2 Nc7 32. Nxc7 Rxc7 33. Qf3 Rc4 34. Rb8 Qc7 35. Rf8 Qd7 36. Rxf7 Qe6 37. Rb7 Qg6 38. Rxb5 Rxe4 39. Rd5 Rxg4 40. b5 Rf4 41. Qe3 Ra4 42. b6 Ra1 43. Rb5 Qh5 44. Qe4+ Kh8 45. Rb1 d5 46. Qc2 Ra8 47. b7 Rb8 48. Qa4 Qf7 49. Qc6 Qf5 50. Qc7 Rf8 51. Qc5 Qe4+ 52. Kh2 Rb8 53. Rb2 Qf5 54. Qc7 Qh5+ 55. Kg2 Rf8 56. b8=Q Qf3+ 57. Kh2 Qh5+ 58. Kg1 Qf3 59. Qxf8+ Qxf8 60. Rb8 Qg8 61. Rf8 Qxf8 62. Qxe5 Qxf2+ 63. Kxf2 d4 64. Qe7 Kh7 65. Qxg7+ Kxg7 66. Kf3 Kf7 0-1

[Event "CCT Chessable Masters Play-In 2025"]
[Site "Online"]
[Date "2025.02.17"]
[Round "6.14"]
[White "Gledura, Benjamin"]
[Black "Mamedov, Rauf"]
[Result "0-1"]
[WhiteElo "2659"]
[BlackElo "2656"]
[PlyCount "64"]
[EventDate "2025.02.13"]
[EventType "swiss"]
[EventCountry "NET"]

1. d4 d5 2. c4 e6 3. Nc3 c5 4. cxd5 exd5 5. Nf3 Nc6 6. g3 Nf6 7. a3 cxd4 8. Nxd4 Bc5 9. Be3 Bb6 10. Bg2 O-O 11. O-O Re8 12. Rc1 Bg4 13. Re1 Bh5 14. Qd2 Rc8 15. h3 h6 16. Nxc6 bxc6 17. Bxb6 axb6 18. e3 Bg6 19. b4 Qe7 20. b5 cxb5 21. Nxb5 Rc5 22. Rxc5 bxc5 23. a4 Qd7 24. Rc1 Ne4 25. Qa5 Ng5 26. Qc7 Nxh3+ 27. Kh2 Qf5 28. Nd6 Qxf2 29. Rf1 Qe2 30. Nxe8 Ng5 31. Qe5 Qh5+ 32. Kg1 Nh3+ 0-1

[Event "CCT Chessable Masters Play-In 2025"]
[Site "Online"]
[Date "2025.02.17"]
[Round "6.15"]
[White "Fressinet, Laurent"]
[Black "Sevian, Samuel"]
[Result "1-0"]
[WhiteElo "2588"]
[BlackElo "2692"]
[PlyCount "123"]
[EventDate "2025.02.13"]
[EventType "swiss"]
[EventCountry "NET"]

1. Nf3 d5 2. e3 c5 3. b3 Nc6 4. Bb2 f6 5. d4 cxd4 6. exd4 Bg4 7. Be2 e6 8. O-O Bd6 9. c4 Nge7 10. Nc3 O-O 11. Re1 Kh8 12. h3 Bh5 13. Nb5 Bb8 14. Ba3 Re8 15. Ng5 Bxe2 16. Nf7+ Kg8 17. Qxe2 Qd7 18. Nfd6 Nxd4 19. Nxd4 Bxd6 20. Bxd6 Qxd6 21. Nb5 Qd7 22. Qxe6+ Qxe6 23. Rxe6 Nf5 24. cxd5 a6 25. Nc7 Rxe6 26. dxe6 Rc8 27. Rd1 Ne7 28. Rd7 Kf8 29. g3 b5 30. Nxa6 Rc1+ 31. Kg2 g5 32. Nc7 Rc2 33. Nxb5 Rxa2 34. Nc3 Ra6 35. Rd8+ Kg7 36. Re8 Ng6 37. Nd5 Rd6 38. e7 Rxd5 39. Rg8+ Kxg8 40. e8=Q+ Kg7 41. b4 Re5 42. Qc6 Ne7 43. Qd7 Kf7 44. b5 Rd5 45. Qb7 Ke6 46. b6 Rc5 47. Qe4+ Kd6 48. b7 Nc6 49. Qxc6+ Rxc6 50. b8=Q+ Kd5 51. Qb7 h6 52. Qh7 Ke6 53. Qxh6 Rc5 54. Qh8 Kf7 55. Qh7+ Ke6 56. Qg6 Ke7 57. h4 gxh4 58. gxh4 Re5 59. f4 Re6 60. h5 f5 61. Qg7+ Kd6 62. h6 1-0

[Event "CCT Chessable Masters Play-In 2025"]
[Site "Online"]
[Date "2025.02.17"]
[Round "6.16"]
[White "Chigaev, Maksim"]
[Black "Pichot, Alan"]
[Result "1-0"]
[WhiteElo "2632"]
[BlackElo "2613"]
[PlyCount "81"]
[EventDate "2025.02.13"]
[EventType "swiss"]
[EventCountry "NET"]

1. e4 e5 2. Nf3 Nc6 3. d4 exd4 4. Nxd4 Nf6 5. Nxc6 bxc6 6. Qe2 Bc5 7. e5 Nd5 8. c4 Ne7 9. Be3 Bb4+ 10. Bd2 Bxd2+ 11. Qxd2 O-O 12. Nc3 Ng6 13. f4 f6 14. exf6 Qxf6 15. g3 Re8+ 16. Be2 d6 17. O-O-O Bd7 18. Rhe1 Nf8 19. Bf3 Ne6 20. Ne4 Qf5 21. Re3 Rab8 22. Rde1 d5 23. Nf2 d4 24. Re5 Qf7 25. Bh5 g6 26. Bf3 c5 27. Nd3 Ng7 28. Bd5 Be6 29. Rxe6 Nxe6 30. Nxc5 Rb6 31. Rxe6 Rbxe6 32. Nxe6 Rxe6 33. Qxd4 c6 34. Bxe6 Qxe6 35. Kd2 Qh3 36. Qd8+ Kg7 37. Qe7+ Kg8 38. Qe2 a5 39. Kc3 Kf7 40. a3 a4 41. Kb4 1-0

[Event "CCT Chessable Masters Play-In 2025"]
[Site "Online"]
[Date "2025.02.17"]
[Round "6.17"]
[White "Deac, Bogdan-Daniel"]
[Black "Sindarov, Javokhir"]
[Result "1/2-1/2"]
[WhiteElo "2692"]
[BlackElo "2700"]
[PlyCount "112"]
[EventDate "2025.02.13"]
[EventType "swiss"]
[EventCountry "NET"]

1. Nf3 Nf6 2. c4 c5 3. Nc3 Nc6 4. d4 cxd4 5. Nxd4 g6 6. g3 Bg7 7. Bg2 h5 8. h3 Nxd4 9. Qxd4 O-O 10. Qd2 d6 11. b3 Be6 12. Bb2 Qd7 13. h4 Rfd8 14. O-O Bh3 15. e4 Bxg2 16. Kxg2 a6 17. Qe2 e6 18. Rfd1 Qc6 19. Rac1 Rac8 20. f3 Nd7 21. Na4 Bxb2 22. Nxb2 b5 23. Rc2 Ne5 24. Nd3 Nxd3 25. Qxd3 Qb6 26. Rdc1 Rc5 27. b4 Rxc4 28. Rxc4 bxc4 29. Qxc4 d5 30. exd5 Rxd5 31. Qc8+ Kh7 32. Qf8 Rd7 33. Rc8 Qd4 34. a4 Rb7 35. b5 axb5 36. axb5 Qb2+ 37. Kh3 Qf6 38. Qg8+ Kh6 39. Qf8+ Kh7 40. Qg8+ Kh6 41. Qf8+ Qg7 42. Qc5 Kh7 43. Rc7 Qa1 44. Kg2 Qb2+ 45. Kg1 Qb1+ 46. Kg2 Qb2+ 47. Kg1 Rxc7 48. Qxc7 Kg7 49. b6 Qd4+ 50. Kg2 Qd2+ 51. Kg1 Qe1+ 52. Kg2 Qe2+ 53. Kg1 Qe1+ 54. Kg2 Qe2+ 55. Kg1 Qe3+ 56. Kg2 Qe2+ 1/2-1/2

[Event "CCT Chessable Masters Play-In 2025"]
[Site "Online"]
[Date "2025.02.17"]
[Round "6.18"]
[White "Dubov, Daniil"]
[Black "Ma, Qun"]
[Result "1-0"]
[WhiteElo "2701"]
[BlackElo "2645"]
[PlyCount "95"]
[EventDate "2025.02.13"]
[EventType "swiss"]
[EventCountry "NET"]

1. Nf3 Nf6 2. b3 d5 3. Bb2 Bf5 4. d3 e6 5. Nbd2 h6 6. g3 Bh7 7. Bg2 a5 8. a3 Be7 9. O-O O-O 10. Re1 c5 11. e4 Nc6 12. exd5 Nxd5 13. Nc4 a4 14. Nce5 Nxe5 15. Nxe5 axb3 16. c4 Nb6 17. Qxb3 Qc7 18. a4 Rfb8 19. a5 Nc8 20. Bc3 f6 21. Ng4 Ra6 22. Rab1 Bf5 23. h3 Nd6 24. Qd1 b6 25. axb6 Raxb6 26. Rxb6 Qxb6 27. Ne3 Qb3 28. Qd2 Bg6 29. Ng4 Bf7 30. Ra1 h5 31. Ne3 Qb6 32. h4 Qc7 33. Bf3 Nf5 34. Ng2 e5 35. Qd1 g6 36. Be4 Qd7 37. Kh2 Rd8 38. Ba5 Rb8 39. Bd2 Nd4 40. Ne3 f5 41. Bg2 f4 42. Nd5 Rb2 43. Qe1 Qd6 44. gxf4 Bxh4 45. fxe5 Qe6 46. Qe3 Qf5 47. Ra8+ Kg7 48. Qh6# 1-0

[Event "CCT Chessable Masters Play-In 2025"]
[Site "Online"]
[Date "2025.02.17"]
[Round "6.19"]
[White "Anton Guijarro, David"]
[Black "Lobanov, Sergei"]
[Result "0-1"]
[WhiteElo "2668"]
[BlackElo "2508"]
[PlyCount "170"]
[EventDate "2025.02.13"]
[EventType "swiss"]
[EventCountry "NET"]

1. e4 e5 2. Nf3 Nc6 3. Bc4 Nf6 4. Ng5 d5 5. exd5 Na5 6. Bb5+ c6 7. dxc6 bxc6 8. Bd3 Nd5 9. Nf3 Bd6 10. Nc3 O-O 11. Be2 Nf4 12. O-O c5 13. d3 Nxe2+ 14. Qxe2 Nc6 15. h3 Bb7 16. Ne4 f5 17. Nxd6 Qxd6 18. b3 Nd4 19. Nxd4 cxd4 20. Bb2 Rae8 21. f3 h6 22. Rac1 Rf6 23. c4 dxc3 24. Bxc3 Rg6 25. Qe3 e4 26. dxe4 Qg3 27. Qf2 Qxh3 28. exf5 Qxf5 29. Bb2 Ree6 30. Rc7 Ba6 31. Qc2 Qxc2 32. Rxc2 Bxf1 33. Kxf1 Rc6 34. Rd2 Rgd6 35. Ke2 Rxd2+ 36. Kxd2 h5 37. Bd4 Rg6 38. a4 Rxg2+ 39. Kd3 a6 40. b4 h4 41. b5 axb5 42. axb5 h3 43. b6 Rg5 44. Kc4 h2 45. b7 h1=Q 46. b8=Q+ Kh7 47. Qf4 Qf1+ 48. Kc3 Qe1+ 49. Kd3 Qb1+ 50. Ke3 Qg6 51. Qe4 Rf5 52. f4 Qg3+ 53. Qf3 Qxf3+ 54. Kxf3 Kg6 55. Ke4 Ra5 56. Be3 Kf7 57. Kf3 g6 58. Ke4 Ke6 59. Bd4 Ra4 60. Ke3 Kf5 61. Be5 Re4+ 62. Kf3 Ra4 63. Bd6 Rd4 64. Be5 Rd3+ 65. Ke2 Ke4 66. Bb8 Rh3 67. Kf2 Ra3 68. Bc7 Rb3 69. Bd6 Rf3+ 70. Kg2 Rxf4 71. Bxf4 Kxf4 72. Kf2 g5 73. Kg2 Kg4 74. Kf2 Kf4 75. Kg2 Kg4 76. Kf2 Kh3 77. Kg1 g4 78. Kh1 Kg3 79. Kg1 Kf3 80. Kf1 g3 81. Kg1 g2 82. Kh2 Kf2 83. Kh3 g1=Q 84. Kh4 Qg6 85. Kh3 Qg3# 0-1

[Event "CCT Chessable Masters Play-In 2025"]
[Site "Online"]
[Date "2025.02.17"]
[Round "6.20"]
[White "Volokitin, Andrei"]
[Black "Theodorou, Nikolas"]
[Result "0-1"]
[WhiteElo "2643"]
[BlackElo "2611"]
[PlyCount "78"]
[EventDate "2025.02.13"]
[EventType "swiss"]
[EventCountry "NET"]

1. e4 e6 2. d4 d5 3. Nc3 Bb4 4. e5 c5 5. a3 Bxc3+ 6. bxc3 Nc6 7. Qg4 g6 8. h4 h6 9. h5 g5 10. f4 Qa5 11. Bd2 f5 12. Qg3 g4 13. dxc5 Qxc5 14. a4 Na5 15. Ne2 Bd7 16. Nd4 Nc4 17. Bxc4 dxc4 18. Qh4 Ne7 19. Bc1 Nd5 20. Ba3 Qa5 21. O-O Qxc3 22. Rfd1 Rh7 23. Kh1 Rf7 24. Bd6 Ne3 25. Ra3 Nxd1 26. Rxc3 Nxc3 27. a5 Ne4 28. Qe1 b5 29. a6 c3 30. Qb1 g3 31. Nxb5 Bxb5 32. Qxb5+ Rd7 33. Kg1 Rad8 34. Kf1 Kf7 35. Qb4 Rc8 36. Ke2 Rcd8 37. Kf3 Rg8 38. Qb5 Nd2+ 39. Ke2 Rgd8 0-1

[Event "CCT Chessable Masters Play-In 2025"]
[Site "Online"]
[Date "2025.02.17"]
[Round "6.21"]
[White "Le, Tuan Minh"]
[Black "Narayanan S L"]
[Result "1/2-1/2"]
[WhiteElo "2598"]
[BlackElo "2622"]
[PlyCount "164"]
[EventDate "2025.02.13"]
[EventType "swiss"]
[EventCountry "NET"]

1. d4 Nf6 2. Nf3 d6 3. Nbd2 Nbd7 4. e4 e5 5. c3 Be7 6. Bd3 O-O 7. O-O Re8 8. Re1 Bf8 9. Nf1 b6 10. Ng3 Bb7 11. Qc2 g6 12. Bg5 h6 13. Bd2 Bg7 14. h3 a6 15. Rad1 Qe7 16. b4 Qf8 17. a4 c6 18. a5 b5 19. dxe5 Nxe5 20. Nxe5 dxe5 21. c4 Rad8 22. Bf1 Qe7 23. Qc3 h5 24. Bg5 Kh7 25. Qf3 Qe6 26. c5 Bc8 27. Ne2 Kg8 28. Nc3 Rd4 29. Be3 Rxd1 30. Rxd1 Bf8 31. Rd3 Nh7 32. Qd1 Be7 33. Rd2 Qf6 34. Bd3 Ng5 35. h4 Ne6 36. g3 Nd4 37. Be2 Rd8 38. Kh2 Kf8 39. f4 Nxe2 40. Rxd8+ Bxd8 41. Nxe2 Bc7 42. fxe5 Bxe5 43. Nf4 Bg4 44. Qd2 Ke8 45. Qd3 Bc7 46. Bd4 Qd8 47. Qe3 Bxf4 48. gxf4 Qxh4+ 49. Kg2 Be6 50. Be5 f6 51. Bd6 Qg4+ 52. Kf2 h4 53. f5 Bc4 54. fxg6 Qxg6 55. Qf4 h3 56. Qg3 Qxe4 57. Qxh3 Qe2+ 58. Kg1 Qe1+ 59. Kh2 Qf2+ 60. Qg2 Qh4+ 61. Qh3 Qxh3+ 62. Kxh3 Kf7 63. Kg4 Ke6 64. Bg3 Bd3 65. Kf4 Kd5 66. Ke3 Kc4 67. Be1 Bg6 68. Bd2 Bb1 69. Be1 Kb3 70. Bd2 Kc2 71. Be1 f5 72. Kf4 Kb3 73. Ke3 Kc4 74. Kf4 Kd5 75. Bd2 Kd4 76. Be1 Be4 77. Bd2 Kd3 78. Be1 Kc2 79. Ke3 Bd5 80. Kf4 Be4 81. Ke3 Bd5 82. Kf4 Be4 1/2-1/2

[Event "CCT Chessable Masters Play-In 2025"]
[Site "Online"]
[Date "2025.02.17"]
[Round "6.22"]
[White "Niemann, Hans Moke"]
[Black "Aryan Chopra"]
[Result "1-0"]
[WhiteElo "2734"]
[BlackElo "2620"]
[PlyCount "53"]
[EventDate "2025.02.13"]
[EventType "swiss"]
[EventCountry "NET"]

1. c4 Nf6 2. Nf3 e6 3. d4 d5 4. g3 Bb4+ 5. Bd2 Be7 6. Bg2 O-O 7. Qc2 Nbd7 8. O-O c6 9. a4 a5 10. Rc1 Ne4 11. Ne1 f5 12. Nd3 Bf6 13. e3 Qe7 14. Be1 b6 15. Nc3 Ba6 16. cxd5 exd5 17. Nf4 Rfc8 18. h4 g6 19. Nxe4 fxe4 20. Bh3 Bg7 21. Qb3 Kh8 22. Qa3 Qd8 23. Ne6 Qe8 24. Qd6 Nf6 25. Nc7 Qd8 26. Qxd8+ Rxd8 27. Nxa8 1-0